000 00557nam a2200217Ia 4500
003 OSt
005 20221005124958.0
006 a|||||r|||| 00| 0
007 ta
008 221004b |||||||| |||| 00| 0 mar d
024 _a46025
037 _cTextual
040 _aCRL
_cCRL
_bmar
041 _2mar
_amar
082 _aO155,1x, K6
100 _aNimano Parashram
_9636040
245 0 _aOh nav halaiya bara
650 _aMARATHI LITERATURE
_938000
942 _hO155,1x, K6
_cTEXL
_2cc
999 _c1052309
_d1052309